[Event "Sharjah Masters"]
[Site "Sharjah UAE"]
[Date "2018.04.19"]
[Round "9.17"]
[White "Nodirbek Abdusattorov"]
[Black "Javokhir Sindarov"]
[Result "1-0"]
[EventDate "2018.04.12"]
[WhiteElo "2540"]
[BlackElo "2431"]
[PlyCount "113"]

1. e4 d6 2. d4 g6 3. Nc3 Bg7 4. f4 Nf6 5. Nf3 O-O 6. Bd3 Nc6 7. O-O Bg4 8. e5 dxe5 9. dxe5 Nd5 10. Nxd5 Qxd5 11. h3 Be6 12. Qe1 f6 13. Be4 Qd7 14. exf6 exf6 15. Bxc6 bxc6 16. Qf2 Bd5 17. Be3 Rfe8 18. b3 Bf8 19. Rad1 Qf5 20. Nd4 Qh5 21. c4 Be4 22. Ne2 Qa5 23. Nd4 Rad8 24. f5 gxf5 25. Qg3+ Kh8 26. Ne6 Rxd1 27. Rxd1 Qc3 28. Nxf8 Rxf8 29. Qf2 Qe5 30. Bf4 Qe8 31. Rd2 Qh5 32. Qxa7 Rg8 33. Kh2 Qd1 34. Qg1 Qh5 35. a4 Qf7 36. a5 Qe7 37. Qa1 Ra8 38. a6 c5 39. a7 Kg7 40. Qa5 Kg6 41. Ra2 Bb1 42. Ra1 Bc2 43. Qc3 Be4 44. Ra5 Kf7 45. Ra2 Bb1 46. Ra1 Be4 47. Qe3 h5 48. Qe2 Kg6 49. Ra5 c6 50. Qa2 Qb7 51. Qa3 Qb6 52. Bd6 Kh7 53. Qxc5 Rg8 54. Ra2 Qb7 55. Qa5 Qa8 56. Qc7+ Kg6 57. c5 1-0

[Event "14th Malaysian Open 2017"]
[Site "Kuala Lumpur MAS"]
[Date "2017.09.02"]
[Round "7.2"]
[White "Nodirbek Abdusattorov"]
[Black "Tran Tuan Minh"]
[Result "1/2-1/2"]
[EventDate "?"]
[WhiteElo "2470"]
[BlackElo "2547"]
[PlyCount "88"]

1. e4 c5 2. Nf3 d6 3. Bb5+ Bd7 4. c4 Bxb5 5. cxb5 Nf6 6. Nc3 e6 7. d4 cxd4 8. Nxd4 Be7 9. O-O O-O 10. Be3 Nbd7 11. Qe2 Qb8 12. Rfd1 Rc8 13. Rac1 Nb6 14. Bf4 Nbd7 15. Nb3 Ne5 16. a4 a6 17. b6 Nfd7 18. a5 h6 19. Nd4 Bf8 20. Na4 Nf6 21. b3 Ng6 22. Bd2 Rxc1 23. Rxc1 Qd8 24. Rc7 Rb8 25. b4 Ne8 26. Rc1 Nf6 27. b5 axb5 28. Nxb5 d5 29. exd5 Nxd5 30. g3 Rc8 31. Nac3 Bb4 32. Rd1 Bxc3 33. Nxc3 Nge7 34. Nxd5 Nxd5 35. Rc1 Rxc1+ 36. Bxc1 Qc8 37. Be3 Qc6 38. a6 bxa6 39. Qxa6 Nxe3 40. fxe3 Qc1+ 41. Kf2 Qc2+ 42. Kg1 Qb1+ 43. Kg2 Qc2+ 44. Kf3 Qf5+ 1/2-1/2

[Event "14th Malaysian Open 2017"]
[Site "Kuala Lumpur MAS"]
[Date "2017.09.02"]
[Round "8.2"]
[White "Jianchao Zhou"]
[Black "Nodirbek Abdusattorov"]
[Result "1/2-1/2"]
[EventDate "?"]
[WhiteElo "2597"]
[BlackElo "2470"]
[PlyCount "58"]

1. c4 e6 2. Nc3 Nf6 3. e4 e5 4. g3 Nc6 5. Bg2 Bc5 6. d3 d6 7. h3 Nd4 8. Nge2 c6 9. O-O h5 10. Na4 Nxe2+ 11. Qxe2 Bd4 12. Be3 Bxe3 13. Qxe3 Qa5 14. b3 b5 15. cxb5 cxb5 16. Nb2 Qb6 17. Qxb6 axb6 18. d4 Bb7 19. dxe5 dxe5 20. Nd3 O-O 21. f3 Nd7 22. Rfc1 Rfc8 23. h4 Nc5 24. Nb4 Na6 25. Nxa6 Rxa6 26. Bf1 Rxc1 27. Rxc1 Rxa2 28. Bxb5 Ra5 29. Bc4 Kf8 1/2-1/2

[Event "Millennials Match U14"]
[Site "Saint Louis USA"]
[Date "2017.07.29"]
[Round "4.2"]
[White "Nodirbek Abdusattorov"]
[Black "Awonder Liang"]
[Result "0-1"]
[EventDate "?"]
[WhiteElo "2467"]
[BlackElo "2536"]
[PlyCount "108"]

1. e4 e5 2. Nf3 Nc6 3. Bb5 a6 4. Ba4 Nf6 5. O-O Be7 6. Re1 b5 7. Bb3 d6 8. c3 O-O 9. h3 Bb7 10. d4 Re8 11. Ng5 Rf8 12. Nf3 Re8 13. Ng5 Rf8 14. Nf3 Re8 15. a3 Nd7 16. Nbd2 exd4 17. cxd4 Bf6 18. Nf1 Na5 19. Bc2 c5 20. d5 Nc4 21. Rb1 Nde5 22. N3h2 a5 23. b3 Nb6 24. Ne3 Bc8 25. Kh1 Ng6 26. Bd3 b4 27. Qc2 Bd7 28. a4 Nf4 29. Bf1 Bc3 30. Rd1 Qe7 31. f3 Nh5 32. Bd3 Ng3+ 33. Kg1 f5 34. exf5 Bd4 35. Re1 Kh8 36. Ng4 h5 37. Bb2 Bxb2 38. Qxb2 hxg4 39. Qf2 Qg5 40. hxg4 Qh4 41. Qd2 Re7 42. Nc4 Nxc4 43. Bxc4 Rae8 44. Rxe7 Rxe7 45. Rc1 Be8 46. Rd1 Bf7 47. Rc1 Re5 48. Rc2 Bg8 49. Ra2 Re4 50. Rc2 Rxg4 51. Rc1 Rd4 52. Qe3 Nxf5 53. Qe8 Rd2 54. Qe1 Qxe1+ 0-1

[Event "Millennials Match U14"]
[Site "Saint Louis USA"]
[Date "2017.07.26"]
[Round "1.2"]
[White "Andrew Hong"]
[Black "Nodirbek Abdusattorov"]
[Result "0-1"]
[EventDate "?"]
[WhiteElo "2334"]
[BlackElo "2467"]
[PlyCount "156"]

1. e4 e5 2. Nf3 Nc6 3. Bb5 a6 4. Ba4 Nge7 5. c3 g6 6. d4 exd4 7. cxd4 b5 8. Bc2 d5 9. exd5 Nxd5 10. O-O Be6 11. Re1 Bg7 12. Nc3 O-O 13. Bg5 Nxc3 14. bxc3 Qd7 15. Bb3 Bf5 16. Qd2 a5 17. d5 Na7 18. Re7 Qd6 19. Nd4 Bd7 20. Rae1 Nc8 21. R7e2 a4 22. Bc2 Qc5 23. Bh6 Ra6 24. Re4 Nd6 25. Bxg7 Kxg7 26. Rh4 Nf5 27. Bxf5 gxf5 28. Ne6+ fxe6 29. dxe6 Bxe6 30. Qh6+ Kf7 31. Qxh7+ Ke8 32. Qg6+ Kd8 33. Rxe6 Qxc3 34. h3 Qe1+ 35. Rxe1 Rxg6 36. Re5 Rb6 37. a3 f4 38. Re4 Rf5 39. Rh7 Rc6 40. Rd4+ Kc8 41. Rd3 Rfc5 42. Kf1 Rc1+ 43. Ke2 R6c2+ 44. Kf3 Rc3 45. Rd7 c5 46. Kxf4 Rxd3 47. Rxd3 b4 48. axb4 cxb4 49. Rd4 Rb1 50. Rd5 a3 51. Ra5 Rb2 52. h4 a2 53. h5 b3 54. h6 Rxf2+ 55. Kg3 Rf7 56. Ra8+ Kb7 57. Ra3 b2 58. Rb3+ Kc6 59. Rxb2 a1=Q 60. Rc2+ Kd5 61. Rd2+ Ke4 62. Re2+ Kd3 63. Re6 Qd4 64. Rg6 Qf4+ 65. Kh3 Qf5+ 66. Rg4 Rh7 67. Kg3 Rxh6 68. Rd4+ Kc3 69. Rc4+ Kd2 70. Rd4+ Qd3+ 71. Rxd3+ Kxd3 72. Kf4 Rf6+ 73. Kg5 Rf2 74. g4 Ke4 75. Kh6 Kf4 76. g5 Kf5 77. g6 Kf6 78. Kh5 Rg2 0-1

[Event "Zonal 3.4 2017"]
[Site "Tashkent UZB"]
[Date "2017.06.24"]
[Round "9.4"]
[White "Nodirbek Abdusattorov"]
[Black "Annaberdi Esenov"]
[Result "1-0"]
[EventDate "?"]
[WhiteElo "2462"]
[BlackElo "2325"]
[PlyCount "140"]

1. e4 c5 2. Nf3 d6 3. Bb5+ Nd7 4. O-O a6 5. Bd3 g6 6. c3 Bg7 7. Bc2 Ne5 8. Nxe5 dxe5 9. d3 e6 10. a4 Ne7 11. Be3 Qc7 12. Nd2 a5 13. Nc4 O-O 14. Na3 b6 15. Bb3 Bb7 16. Bc4 Kh8 17. Rc1 Nc6 18. Nb5 Qe7 19. Rb1 Rad8 20. Qb3 Ba8 21. f3 h6 22. Rfd1 Kh7 23. Na3 Qb7 24. Bb5 Ne7 25. Qc2 Rc8 26. Nc4 Rfd8 27. b4 Qa7 28. bxa5 bxa5 29. Na3 g5 30. Bc4 Ng6 31. Rb5 Bf8 32. Rdb1 Bc6 33. Rb6 Qd7 34. Qa2 Ra8 35. g3 Be7 36. Qf2 Rdc8 37. Ra1 Qd8 38. Rb2 Bxa4 39. Nb5 Bxb5 40. Rxb5 Qc7 41. Qb2 a4 42. Qc2 Qa7 43. Rb2 a3 44. Rba2 Rcb8 45. Bc1 Qb6 46. Rxa3 Rxa3 47. Bxa3 Kg7 48. Bc1 h5 49. Kg2 h4 50. Qf2 hxg3 51. hxg3 Rh8 52. Be3 Nf4+ 53. gxf4 gxf4 54. Bd2 Bh4 55. Qe2 Qb2 56. Rh1 Kf6 57. Qd1 Ke7 58. Kf1 Kf6 59. Qc1 Qb8 60. Ke2 Bg3 61. Rxh8 Qxh8 62. Qg1 Qh3 63. Be1 Qh4 64. Bd2 Qh8 65. d4 cxd4 66. cxd4 Qc8 67. Kd3 exd4 68. Qxd4+ Kg6 69. Bc3 Qb7 70. Kc2 Qc6 1-0

[Event "Zonal 3.4 2017"]
[Site "Tashkent UZB"]
[Date "2017.06.23"]
[Round "8.3"]
[White "Javokhir Sindarov"]
[Black "Nodirbek Abdusattorov"]
[Result "1-0"]
[EventDate "?"]
[WhiteElo "2385"]
[BlackElo "2462"]
[PlyCount "92"]

1. e4 c5 2. Nc3 a6 3. g3 b5 4. Bg2 Bb7 5. Nge2 e6 6. O-O d6 7. d4 cxd4 8. Nxd4 Nd7 9. Re1 Nb6 10. a3 Qc7 11. a4 b4 12. Nd5 exd5 13. exd5+ Be7 14. Nf5 Kf8 15. Bf4 Rd8 16. Qd4 Bf6 17. Qxb4 Nc8 18. c4 a5 19. Qa3 g5 20. Bd2 Nce7 21. Ne3 h5 22. Rac1 Qb6 23. b4 axb4 24. Bxb4 Bd4 25. a5 Qc7 26. a6 Ba8 27. Red1 Bc5 28. Qa1 Rh6 29. Bc3 f5 30. Ba5 Qd7 31. Bxd8 Qxd8 32. Rb1 Rh7 33. Nc2 Nc8 34. Nd4 Bxd4 35. Qxd4 Qc7 36. Re1 Re7 37. Rxe7 Ngxe7 38. Qh8+ Kf7 39. Qxh5+ Kf8 40. Rc1 g4 41. c5 Kg7 42. Qg5+ Kf7 43. c6 Qa5 44. h3 gxh3 45. Bf3 Ke8 46. Qf6 1-0

[Event "Zonal 3.4 2017"]
[Site "Tashkent UZB"]
[Date "2017.06.22"]
[Round "7.2"]
[White "Nodirbek Abdusattorov"]
[Black "Akmal Faizulaev"]
[Result "1/2-1/2"]
[EventDate "?"]
[WhiteElo "2462"]
[BlackElo "2391"]
[PlyCount "152"]

1. d4 Nf6 2. c4 b6 3. Nc3 Bb7 4. Qc2 e6 5. e4 Bb4 6. Bd3 c5 7. d5 d6 8. Ne2 Nbd7 9. O-O Bxc3 10. Nxc3 O-O 11. f4 exd5 12. exd5 a6 13. b3 Re8 14. Bb2 Nf8 15. Ne2 b5 16. Ng3 bxc4 17. bxc4 Rb8 18. Rae1 Ng6 19. Nf5 Kf8 20. Qc1 Bc8 21. Ne3 Ng8 22. Bc3 Nh6 23. Qd1 Rb7 24. h3 Rbe7 25. Qf3 f6 26. g4 Kg8 27. Qg3 Bd7 28. Kh1 Bc8 29. Rf3 Qd7 30. Bc2 a5 31. Rff1 a4 32. a3 Ba6 33. Rg1 Nf7 34. Qf2 Re4 35. Bxe4 Rxe4 36. Nf5 Rxf4 37. Ne7+ Qxe7 38. Qxf4 Nfe5 39. Qe4 Qd8 40. Bxe5 Nxe5 41. Qc2 Bxc4 42. Qxa4 Bxd5+ 43. Kh2 Qe7 44. Re3 h6 45. Kg3 Bf7 46. Rd1 Qc7 47. Kf2 d5 48. Qa8+ Kh7 49. Rxd5 Nxg4+ 50. hxg4 Qh2+ 51. Ke1 Qh1+ 52. Kd2 Bxd5 53. Qc8 Bf7 54. Qxc5 Qg2+ 55. Kc3 Qxg4 56. Re7 Bg6 57. Qc7 Be4 58. a4 h5 59. a5 h4 60. a6 h3 61. a7 Bg2 62. Re3 Qa4 63. Rg3 Qa1+ 64. Kc2 f5 65. a8=Q Bxa8 66. Rxh3+ Kg6 67. Qb6+ Kf7 68. Qb3+ Kf6 69. Qb6+ Kf7 70. Qc7+ Kf6 71. Qd8+ Kf7 72. Qd7+ Kf6 73. Qd6+ Kf7 74. Qd7+ Kf6 75. Qd6+ Kf7 76. Qd7+ Kf6 1/2-1/2

[Event "Zonal 3.4 2017"]
[Site "Tashkent UZB"]
[Date "2017.06.21"]
[Round "6.3"]
[White "Maksat Atabayev"]
[Black "Nodirbek Abdusattorov"]
[Result "0-1"]
[EventDate "?"]
[WhiteElo "2498"]
[BlackElo "2462"]
[PlyCount "98"]

1. e4 e5 2. Nf3 Nc6 3. Bb5 a6 4. Ba4 Nf6 5. O-O Be7 6. Re1 b5 7. Bb3 d6 8. c3 O-O 9. h3 Nb8 10. d4 Nbd7 11. Nbd2 Bb7 12. Bc2 Re8 13. Nf1 Bf8 14. Ng3 g6 15. Bg5 h6 16. Bd2 Bg7 17. a4 Nb6 18. b3 bxa4 19. bxa4 a5 20. Bd3 Nfd7 21. Bb5 c6 22. Bf1 Ba6 23. Bxa6 Rxa6 24. Qb3 Qc7 25. h4 h5 26. Ng5 Re7 27. Ne2 Ra8 28. Rab1 Rb8 29. Qa2 d5 30. exd5 Nxd5 31. Rxb8+ Qxb8 32. dxe5 Nxe5 33. Nd4 Qc7 34. Qb3 Bf6 35. c4 Ng4 36. Ndf3 Qa7 37. Nh3 Nb4 38. Bxb4 Qb8 39. Qd3 Qxb4 40. Rb1 Qxa4 41. Nfg5 Kg7 42. Nf4 Bxg5 43. hxg5 Qb4 44. Qd4+ Kh7 45. Rf1 Re1 46. g3 Qb1 47. Rxe1 Qxe1+ 48. Kg2 a4 49. Qa7 Qxf2+ 0-1

[Event "Zonal 3.4 2017"]
[Site "Tashkent UZB"]
[Date "2017.06.20"]
[Round "5.5"]
[White "Nodirbek Abdusattorov"]
[Black "Elbek Jumanov"]
[Result "1-0"]
[EventDate "?"]
[WhiteElo "2462"]
[BlackElo "2230"]
[PlyCount "80"]

1. d4 Nf6 2. Bg5 Ne4 3. Bf4 c5 4. f3 Qa5+ 5. c3 Nf6 6. d5 Qb6 7. Bc1 d6 8. e4 g6 9. Bd3 Bg7 10. Ne2 Na6 11. a3 Qd8 12. c4 O-O 13. Nbc3 Nc7 14. Bg5 h6 15. Be3 e5 16. Qd2 Kh7 17. h4 Rb8 18. Kf2 a6 19. b4 Nd7 20. Rab1 f5 21. g3 f4 22. gxf4 exf4 23. Nxf4 Ne5 24. Be2 Bf6 25. Kg2 Bxh4 26. Nh3 cxb4 27. axb4 Nf7 28. f4 Bf6 29. Bd3 Bg7 30. Rbg1 Bg4 31. Nf2 Qf6 32. Nxg4 Qxc3 33. Qxc3 Bxc3 34. e5 dxe5 35. f5 g5 36. f6+ Kg8 37. Bxg5 e4 38. Bxh6 exd3 39. Kf3 Nh8 40. Ne5+ 1-0

[Event "Zonal 3.4 2017"]
[Site "Tashkent UZB"]
[Date "2017.06.19"]
[Round "4.1"]
[White "Petr Kostenko"]
[Black "Nodirbek Abdusattorov"]
[Result "1-0"]
[EventDate "?"]
[WhiteElo "2438"]
[BlackElo "2462"]
[PlyCount "114"]

1. d4 Nf6 2. Bf4 d5 3. e3 c5 4. c3 Nc6 5. Nd2 Qb6 6. Qb3 Bf5 7. dxc5 Qxb3 8. axb3 e5 9. Bg3 Bxc5 10. Ngf3 Nd7 11. b4 Bd6 12. Be2 Ke7 13. Nh4 Be6 14. e4 g6 15. O-O f5 16. exf5 gxf5 17. f4 e4 18. b5 Nd8 19. Bf2 Rf8 20. Be3 Bg8 21. g3 Ne6 22. Rfd1 Kf6 23. Nf1 d4 24. cxd4 Nc7 25. d5 Bxd5 26. Bd4+ Ke7 27. Ne3 Be6 28. Bf1 b6 29. Rac1 Rf7 30. Rc6 Nd5 31. Nc4 Bb4 32. Bh3 Rd8 33. Ra1 Ra8 34. Kf2 Rff8 35. Ne3 Nxe3 36. Kxe3 Bd6 37. Rd1 Rf7 38. Bf1 Bb3 39. Ra1 Bd5 40. Bh3 Be6 41. Rd1 Bb4 42. g4 fxg4 43. Rxe6+ Kxe6 44. Bxg4+ Ke7 45. Bxd7 Kxd7 46. Bc5+ Ke8 47. Bxb4 Rc8 48. Rd5 Rd7 49. Re5+ Kf7 50. Nf5 Rc2 51. Nd6+ Kg7 52. Rg5+ Kf6 53. Nxe4+ Kf7 54. Bc3 Re7 55. Rf5+ Ke8 56. Rh5 Rg2 57. Kf3 1-0

[Event "Zonal 3.4 2017"]
[Site "Tashkent UZB"]
[Date "2017.06.18"]
[Round "3.1"]
[White "Nodirbek Abdusattorov"]
[Black "Muhammad Khusenkhojaev"]
[Result "1/2-1/2"]
[EventDate "?"]
[WhiteElo "2462"]
[BlackElo "2424"]
[PlyCount "86"]

1. e4 e5 2. Nf3 Nc6 3. Bb5 a6 4. Ba4 Nf6 5. O-O Be7 6. Re1 b5 7. Bb3 d6 8. c3 O-O 9. h3 Nb8 10. d4 Nbd7 11. Nbd2 Bb7 12. Bc2 Re8 13. Nf1 exd4 14. cxd4 c5 15. d5 Bf8 16. g4 Nb6 17. Ng3 Qc7 18. Bf4 Nfd7 19. Rc1 Ne5 20. Bb1 Nbc4 21. b3 Nxf3+ 22. Qxf3 Ne5 23. Qd1 a5 24. Be3 Qd8 25. f4 Nd7 26. a3 Ba6 27. Bd3 Nb6 28. g5 b4 29. Bxa6 Rxa6 30. Qe2 Ra7 31. a4 g6 32. Qf3 f6 33. h4 Bg7 34. Kg2 Rf7 35. Re2 Nd7 36. gxf6 Bxf6 37. h5 Bh4 38. hxg6 hxg6 39. Bd2 Ne5 40. Qe3 Ng4 41. Qf3 Ne5 42. Qe3 Ng4 43. Qf3 Ne5 1/2-1/2

[Event "Zonal 3.4 2017"]
[Site "Tashkent UZB"]
[Date "2017.06.17"]
[Round "2.1"]
[White "Bobur Sattarov"]
[Black "Nodirbek Abdusattorov"]
[Result "0-1"]
[EventDate "?"]
[WhiteElo "2389"]
[BlackElo "2462"]
[PlyCount "132"]

1. e4 c5 2. Nf3 d6 3. d4 Nf6 4. Nc3 cxd4 5. Nxd4 a6 6. Be3 e5 7. Nb3 Be6 8. f4 Ng4 9. Bd2 Qb6 10. Qe2 exf4 11. Bxf4 Nd7 12. h3 Nge5 13. O-O-O Rc8 14. Qe3 Qc7 15. Be2 g6 16. Kb1 Nb6 17. Qd4 Rd8 18. Bb5+ Nbd7 19. Be2 Rc8 20. h4 h5 21. Bg5 Be7 22. Rd2 Nb6 23. Rhd1 Bxg5 24. hxg5 O-O 25. Qf2 Nbc4 26. Bxc4 Nxc4 27. Rd3 b5 28. Nd5 Bxd5 29. Rxd5 Rfe8 30. Re1 Qd7 31. Nc5 Qc6 32. Nd3 Rxe4 33. Rxe4 Qxd5 34. Re7 Rf8 35. b3 Qxg5 36. Ra7 Nd2+ 37. Kb2 Ne4 38. Qf3 f5 39. Nb4 Rf7 40. Ra8+ Kh7 41. Nd5 Qd2 42. Qd3 Qxg2 43. Qd4 Rg7 44. Qb6 Qd2 45. Qd8 Kh6 46. Qh8+ Rh7 47. Qf8+ Kg5 48. Qg8 Qd4+ 49. c3 Qd2+ 50. Ka3 Rh6 51. Rxa6 h4 52. Qd8+ Kg4 53. Nf6+ Nxf6 54. Qxf6 Qc1+ 55. Kb4 Qf4+ 56. c4 h3 57. Rxd6 h2 58. Rd4 h1=Q 59. Rxf4+ Kxf4 60. Qd4+ Kg5 61. Qd8+ Kg4 62. cxb5 Qe4+ 63. Ka5 f4 64. b6 Rh7 65. b4 f3 66. b5 f2 0-1

[Event "11th Agzamov Mem 2017"]
[Site "Tashkent UZB"]
[Date "2017.05.10"]
[Round "9.5"]
[White "Assad Mamyrbay"]
[Black "Nodirbek Abdusattorov"]
[Result "0-1"]
[EventDate "?"]
[WhiteElo "2298"]
[BlackElo "2453"]
[PlyCount "172"]

1. e4 e5 2. Nf3 Nc6 3. Bc4 Bc5 4. c3 Nf6 5. d3 h6 6. O-O d6 7. a4 a5 8. h3 O-O 9. Re1 Ba7 10. Nbd2 Be6 11. Bxe6 fxe6 12. Nf1 Nh5 13. Be3 Nf4 14. Bxa7 Rxa7 15. Kh2 Qf6 16. Re3 d5 17. Ng3 Ra6 18. Ne1 Ne7 19. d4 Neg6 20. Nf3 exd4 21. Qxd4 e5 22. Qd2 c6 23. Rae1 Re8 24. Nf1 Qd6 25. g3 Nh5 26. Qe2 Qf8 27. Kg1 dxe4 28. Qc4+ Kh7 29. Qxe4 Nf6 30. Qc2 e4 31. N3d2 Rb6 32. Kg2 Kh8 33. Nxe4 Nd5 34. R3e2 Ndf4+ 35. gxf4 Nxf4+ 36. Kh1 Nxe2 37. Qxe2 c5 38. Nfg3 Rbe6 39. Qg4 Qf7 40. Re3 b6 41. h4 Re5 42. Kh2 Qd5 43. h5 Rf8 44. Rf3 Rfe8 45. Qg6 R5e7 46. Rf5 Qe6 47. Qxe6 Rxe6 48. f3 Kg8 49. Rd5 Rf8 50. Kg2 Rfe8 51. Rd7 R6e7 52. Rd6 Re6 53. Kf2 Rxd6 54. Nxd6 Re6 55. Nc4 Kf7 56. f4 Kf6 57. Kf3 Rc6 58. Ke4 Re6+ 59. Kf3 Rc6 60. f5 Kg5 61. Ne5 Rc7 62. Ng6 Rd7 63. Nf4 Rd1 64. Ne6+ Kf6 65. Kf4 Rd5 66. Ne4+ Kf7 67. Nc7 Rd1 68. Nb5 Ke7 69. Ke5 Rh1 70. Nbd6 Kd7 71. Nc4 Kc6 72. Ke6 Rxh5 73. Ne5+ Kc7 74. Nd6 Rg5 75. Ng6 h5 76. Ne8+ Kd8 77. Nxg7 h4 78. Ne5 Rxg7 79. f6 Rg8 80. Nc6+ Kc7 81. Ne7 Rf8 82. Nf5 h3 83. Ke7 h2 84. Ng3 Rg8 85. Nh1 Rg1 86. Nf2 Rf1 0-1

[Event "11th Agzamov Mem 2017"]
[Site "Tashkent UZB"]
[Date "2017.05.09"]
[Round "8.10"]
[White "Nodirbek Abdusattorov"]
[Black "Sarvinoz Kurbonboeva"]
[Result "1-0"]
[EventDate "?"]
[WhiteElo "2453"]
[BlackElo "2199"]
[PlyCount "64"]

1. e4 e5 2. Nf3 Nf6 3. Nc3 Nc6 4. Bb5 Nd4 5. Bc4 d6 6. Nxd4 exd4 7. Nd5 Be6 8. O-O c6 9. Nxf6+ Qxf6 10. Bxe6 fxe6 11. c3 dxc3 12. dxc3 Be7 13. Qb3 O-O-O 14. Be3 Kb8 15. Rad1 c5 16. Qc4 h5 17. f4 h4 18. f5 e5 19. Rd5 g6 20. b4 gxf5 21. exf5 Rhg8 22. bxc5 Qg7 23. Qe4 dxc5 24. Rxe5 Bf6 25. Re6 Qf7 26. Rb1 Rd7 27. Bf4+ Ka8 28. Ra6 Bd4+ 29. cxd4 Rxd4 30. Qf3 Qd7 31. Rd6 Qg7 32. Rg6 1-0

[Event "11th Agzamov Mem 2017"]
[Site "Tashkent UZB"]
[Date "2017.05.06"]
[Round "5.2"]
[White "Pavel Kotsur"]
[Black "Nodirbek Abdusattorov"]
[Result "1-0"]
[EventDate "?"]
[WhiteElo "2552"]
[BlackElo "2453"]
[PlyCount "78"]

1. e4 e5 2. Nf3 Nc6 3. Bc4 g6 4. d3 Bg7 5. Ng5 Nh6 6. h4 Na5 7. Nc3 Nxc4 8. dxc4 d6 9. f3 f6 10. Nh3 Nf7 11. Be3 Be6 12. Qd3 c6 13. O-O-O Qa5 14. b3 O-O-O 15. a4 Rd7 16. h5 Kb8 17. Nf2 f5 18. Bd2 Qd8 19. Qe2 Qc7 20. Kb1 Rc8 21. Bc1 Qd8 22. Nd3 Qc7 23. Bb2 b6 24. Nd5 Qb7 25. hxg6 hxg6 26. N5f4 exf4 27. Bxg7 g5 28. Bf6 c5 29. Nf2 g4 30. exf5 Bxf5 31. fxg4 Bg6 32. Nh3 Qe4 33. Qxe4 Bxe4 34. Nxf4 Rg8 35. Rh4 Bc6 36. g5 Be4 37. Re1 Bf5 38. g4 Bg6 39. Re6 d5 1-0

[Event "11th Agzamov Mem"]
[Site "Tashkent UZB"]
[Date "2017.05.03"]
[Round "2.10"]
[White "Nodirbek Abdusattorov"]
[Black "Daler Vakhidov"]
[Result "1-0"]
[EventDate "2017.05.02"]
[WhiteElo "2453"]
[BlackElo "2236"]
[PlyCount "113"]

1. d4 Nf6 2. Bg5 Ne4 3. Bf4 c5 4. f3 Qa5+ 5. c3 Nf6 6. d5 e6 7. e4 exd5 8. exd5 d6 9. Na3 Be7 10. Ne2 O-O 11. Ng3 Re8 12. Be2 Bf8 13. O-O g6 14. Qd2 Nbd7 15. Nb5 Qb6 16. c4 a6 17. Nc3 Bg7 18. Rae1 Ne5 19. Bg5 Bd7 20. Nce4 Nxe4 21. Nxe4 f5 22. Nf6+ Bxf6 23. Bxf6 Rf8 24. Bg5 Rae8 25. b3 Qb4 26. Qc1 Qb6 27. Bd2 Qd8 28. Bg5 Qa5 29. a3 Qb6 30. f4 Nf7 31. Bf6 Qxb3 32. Rf3 Qb6 33. Ba1 Qa5 34. Rff1 Re4 35. Qb2 Rd4 36. Qxb7 Bc8 37. Qb3 Re8 38. Bxd4 cxd4 39. Qd1 Qc5 40. Bd3 Rd8 41. Qb3 a5 42. Rb1 Bd7 43. Rfe1 Kf8 44. Kh1 Rc8 45. Bf1 Nh6 46. h3 Ng8 47. Qb2 Nf6 48. Rbd1 Kf7 49. Rxd4 Qa7 50. Rb1 Rc7 51. Qb6 Qxb6 52. Rxb6 Ke7 53. Rd1 Ne4 54. Re1 Kd8 55. Kg1 Rc5 56. Bd3 Kc7 57. Rb2 1-0

[Event "Chigorin Memorial"]
[Site "St Petersburg RUS"]
[Date "2016.10.21"]
[Round "7.18"]
[White "Kirill Stupak"]
[Black "Nodirbek Abdusattorov"]
[Result "0-1"]
[EventDate "2016.10.15"]
[WhiteElo "2564"]
[BlackElo "2395"]
[PlyCount "74"]

1. c4 Nf6 2. d4 e6 3. g3 d5 4. Bg2 Bb4+ 5. Nc3 O-O 6. Nf3 dxc4 7. O-O Nc6 8. e3 Rb8 9. Qe2 b5 10. Rd1 Be7 11. Ne5 Nxe5 12. dxe5 Nd7 13. Bc6 a6 14. f4 Rb6 15. Qg2 b4 16. Na4 Rxc6 17. Qxc6 Nxe5 18. Rxd8 Nxc6 19. Rd1 e5 20. e4 Bg4 21. Rd5 Be6 22. Rd1 Bg4 23. Rd5 Be6 24. Rd1 Nd4 25. fxe5 Nf3+ 26. Kg2 Nxe5 27. Bf4 f6 28. Be3 Nd3 29. b3 f5 30. bxc4 fxe4 31. Rd2 Bxc4 32. Rad1 Bb5 33. Nb2 c5 34. Rc2 Nxb2 35. Rxb2 Bd3 36. a3 a5 37. axb4 axb4 0-1

[Event "Chigorin Memorial"]
[Site "St Petersburg RUS"]
[Date "2016.10.19"]
[Round "5"]
[White "Rao S V Srinath"]
[Black "Nodirbek Abdusattorov"]
[Result "0-1"]
[EventDate "?"]
[WhiteElo "2279"]
[BlackElo "2395"]
[PlyCount "70"]

1. e4 e5 2. Nf3 Nc6 3. d4 exd4 4. Nxd4 Bb4+ 5. c3 Bc5 6. Be3 Bb6 7. Nf5 g6 8. Bxb6 axb6 9. Ne3 Nf6 10. f3 O-O 11. c4 Nh5 12. Qd2 d6 13. Nc3 Ne5 14. O-O-O Be6 15. Be2 b5 16. Ned5 c6 17. g4 cxd5 18. gxh5 dxc4 19. hxg6 hxg6 20. a3 Qf6 21. Nxb5 Nxf3 22. Qe3 Ne5 23. Rxd6 Rfc8 24. Kb1 c3 25. bxc3 Nc4 26. Bxc4 Rxc4 27. e5 Qf5+ 28. Kb2 Re4 29. Qd3 Bc4 30. Rd8+ Kh7 31. Qxc4 Rxc4 32. Rxa8 Qxe5 33. Nd4 Rxd4 34. cxd4 Qxd4+ 35. Kc1 Qa1+ 0-1

[Event "Chigorin Memorial"]
[Site "St Petersburg RUS"]
[Date "2016.10.17"]
[Round "3"]
[White "Vladislav Kovalev"]
[Black "Nodirbek Abdusattorov"]
[Result "1/2-1/2"]
[EventDate "?"]
[WhiteElo "2609"]
[BlackElo "2395"]
[PlyCount "87"]

1. e4 c5 2. Nf3 d6 3. d4 cxd4 4. Nxd4 Nf6 5. Nc3 a6 6. h3 e5 7. Nde2 h5 8. g3 Be7 9. Bg2 Nbd7 10. a4 b6 11. Nd5 Nxd5 12. Qxd5 Rb8 13. Nc3 O-O 14. Be3 Nf6 15. Qd3 b5 16. axb5 axb5 17. Nxb5 d5 18. exd5 e4 19. Qe2 Bd7 20. Nc3 Rxb2 21. O-O Qc8 22. Bd4 Rb4 23. d6 Rxd4 24. dxe7 Re8 25. Nxe4 Nxe4 26. Bxe4 Qc5 27. Ra8 Qxe7 28. Rxe8+ Qxe8 29. Re1 g6 30. Bg2 Qxe2 31. Rxe2 Rd1+ 32. Kh2 Bb5 33. Re4 Rd2 34. c4 Bd7 35. Kg1 Rd1+ 36. Kh2 Rd2 37. Rf4 g5 38. Rf3 Kg7 39. Kg1 Rc2 40. Rd3 Be6 41. Bd5 Bxh3 42. Re3 Be6 43. Bxe6 fxe6 44. Rxe6 1/2-1/2

[Event "Chigorin Memorial"]
[Site "St Petersburg RUS"]
[Date "2016.10.16"]
[Round "2"]
[White "Nodirbek Abdusattorov"]
[Black "Ruslan Reshetnikov"]
[Result "1-0"]
[EventDate "?"]
[WhiteElo "2395"]
[BlackElo "2196"]
[PlyCount "37"]

1. e4 e6 2. d4 d5 3. Nd2 Be7 4. e5 c5 5. c3 Nc6 6. Bd3 Nh6 7. Ne2 Nf5 8. Nf3 O-O 9. O-O Rb8 10. Bf4 Ra8 11. Bxf5 exf5 12. dxc5 Bxc5 13. Qd3 Be6 14. Be3 Be7 15. Ned4 Qd7 16. Rad1 Na5 17. Bg5 Bxg5 18. Nxg5 Nc4 19. Ndxe6 1-0

[Event "10th Agzamov Mem 2016"]
[Site "Tashkent UZB"]
[Date "2016.04.23"]
[Round "6.5"]
[White "Nodirbek Abdusattorov"]
[Black "Alexander Zubarev"]
[Result "0-1"]
[EventDate "?"]
[WhiteElo "2391"]
[BlackElo "2546"]
[PlyCount "70"]

1. e4 g6 2. d4 Bg7 3. Nc3 d6 4. Be3 a6 5. a4 Nd7 6. Nf3 b6 7. Bc4 e6 8. d5 e5 9. g4 Ndf6 10. h3 Bd7 11. Nd2 Ne7 12. Qe2 Qc8 13. O-O-O O-O 14. Nb3 Bxa4 15. Nxa4 b5 16. Nc3 bxc4 17. Qxc4 a5 18. Kd2 c6 19. dxc6 d5 20. exd5 Nfxd5 21. Nxd5 Nxd5 22. Bg5 Nf4 23. Ra1 Ne6 24. Be3 Ra6 25. Nxa5 Nd4 26. Bxd4 Rd8 27. Nb7 Bh6+ 28. Ke2 Rxc6 29. Bc5 Rd2+ 30. Ke1 Qxb7 31. Rg1 Rd4 32. Qb3 Qxb3 33. Ra8+ Kg7 34. Bf8+ Kf6 35. cxb3 Bxf8 0-1

[Event "10th Agzamov Mem 2016"]
[Site "Tashkent UZB"]
[Date "2016.04.22"]
[Round "5.4"]
[White "Marat Dzhumaev"]
[Black "Nodirbek Abdusattorov"]
[Result "1/2-1/2"]
[EventDate "?"]
[WhiteElo "2478"]
[BlackElo "2391"]
[PlyCount "124"]

1. c4 e6 2. e4 c5 3. Nf3 Nc6 4. Nc3 Nf6 5. Be2 d6 6. O-O e5 7. d3 Be7 8. Ne1 O-O 9. f4 exf4 10. Bxf4 Ne8 11. Nc2 Bg5 12. Qd2 Bxf4 13. Rxf4 Nc7 14. Raf1 Ne6 15. R4f2 Ned4 16. Nxd4 Nxd4 17. Qf4 Be6 18. a3 b6 19. Qg3 Qe7 20. Bg4 Qd7 21. Bd1 f5 22. h3 Rf7 23. Qg5 Raf8 24. Bh5 g6 25. exf5 Bxf5 26. Nd5 Qe6 27. Bg4 Bxg4 28. Rxf7 Rxf7 29. Rxf7 Kxf7 30. Qxg4 Qe1+ 31. Kh2 Qe5+ 32. Qf4+ Ke6 33. Nc7+ Kd7 34. Nd5 Ne2 35. Qxe5 dxe5 36. Nf6+ Ke6 37. Nxh7 Nf4 38. g4 Nxd3 39. b3 e4 40. Kg3 Ke5 41. Nf8 g5 42. Nh7 e3 43. Kf3 Kd4 44. Nxg5 Nc1 45. Ne6+ Kd3 46. Nf4+ Kd2 47. g5 Nd3 48. Ng2 e2 49. Kg3 Ne5 50. h4 b5 51. h5 bxc4 52. bxc4 Nxc4 53. h6 Ne3 54. h7 Nxg2 55. Kxg2 e1=Q 56. h8=Q Qe2+ 57. Kg3 Qe3+ 58. Kg4 Qe4+ 59. Kg3 Qe3+ 60. Kg4 Qe4+ 61. Kg3 Qe3+ 62. Kg4 1/2-1/2